La metamorfosis

Saved in:
Bibliografiske detaljer
Hovedforfatter: Kafka, Franz (Author)
Format: Bog
Sprog:spansk
Udgivet: Buenos Aires Bruguera 2016
Udgivelse:1a. ed
Serier:Clásicos Oscuros, 2
Fag:
Tags: Tilføj Tag
Ingen Tags, Vær først til at tagge denne postø!

MARC

LEADER 00000cam a2200000 a 4500
001 UCD6021
003 CL-VaPUC
008 161111e20160000ag |||||||||||||||||spa|d
020 |a 9789876275897 
082 0 4 |a 833  |b KAF  |2 21 
100 |a Kafka, Franz   |e author  |9 266293 
245 1 3 |a La metamorfosis 
250 |a 1a. ed 
300 |a 136 p 
942 |c BK 
945 |d 20161111 10:35:00  |a arojas 
260 |a Buenos Aires  |b Bruguera  |c 2016 
650 0 |a Novelas alemanas   |9 265783 
650 0 |a Literatura alemana   |9 265457 
583 |a last modification  |c 20161111 10:35:00  |k Rodrigo Vera 
490 0 |a Clásicos Oscuros, 2 
999 |c 366473  |d 366471 
952 |0 0  |1 0  |3 erb  |4 0  |6 833_000000000000000_KAF_2016  |7 0  |8 A  |9 480731  |a BIBGIM  |b BIBGIM  |i 534655K  |l 11  |m 2  |o 833 KAF 2016  |p 534655K  |q 2025-04-30  |r 2025-04-23  |s 2025-04-23  |w 2019-11-24  |y BK  |z Catalogado en:20161111  |k COM